Moral issues in business / (Record no. 40669)
[ view plain ]
| 000 -LEADER | |
|---|---|
| fixed length control field | 00764nam a2200265 a 4500 |
| 001 - CONTROL NUMBER | |
| control field | 40669 |
| 003 - CONTROL NUMBER IDENTIFIER | |
| rucl marc code | BD-RjUL |
| 005 - DATE AND TIME OF LATEST TRANSACTION | |
| control field | 20211209053249.0 |
| 008 - FIXED-LENGTH DATA ELEMENTS--GENERAL INFORMATION | |
| fixed length control field | 160508s1986 cau b 001 0 eng |
| 020 ## - INTERNATIONAL STANDARD BOOK NUMBER | |
| International Standard Book Number | 0534054846 |
| 035 ## - SYSTEM CONTROL NUMBER | |
| System control number | (BD-RjUL) 40784 |
| 040 ## - CATALOGING SOURCE | |
| Original cataloging agency | (BD-RjUL) |
| Transcribing agency | (BD-RjUL) |
| Modifying agency | (BD-RjUL) |
| Language of cataloging | eng |
| 041 ## - LANGUAGE CODE | |
| Language code of text/sound track or separate title | eng |
| 082 00 - DEWEY DECIMAL CLASSIFICATION NUMBER | |
| Classification number | 174.4 |
| Edition number | 23 |
| Author mark and year | BAM 1986 |
| 100 1# - MAIN ENTRY--PERSONAL NAME | |
| Personal name | Barry, Vincent E. |
| 9 (RLIN) | 125124 |
| 245 10 - TITLE STATEMENT | |
| Title | Moral issues in business / |
| Statement of responsibility, etc. | Vincent Barry. |
| 250 ## - EDITION STATEMENT | |
| Edition statement | 3rd ed. |
| 260 ## - PUBLICATION, DISTRIBUTION, ETC. (IMPRINT) | |
| Place of publication, distribution, etc. | Belmont, Calif. : |
| Name of publisher, distributor, etc. | Wadsworth, |
| Date of publication, distribution, etc. | c1986. |
| 300 ## - PHYSICAL DESCRIPTION | |
| Pagination | xv, 502 p. ; |
| Size | 25 cm. |
| 504 ## - BIBLIOGRAPHY, ETC. NOTE | |
| Bibliography, etc | Includes bibliographies and index. |
| 650 #0 - SUBJECT ADDED ENTRY--TOPICAL TERM | |
| Topical term or geographic name as entry element | Business ethics. |
| 9 (RLIN) | 125125 |
| Topical term or geographic name as entry element | Business ethics |
| General subdivision | Case studies. |
| 9 (RLIN) | 125126 |
| 942 ## - ADDED ENTRY ELEMENTS (KOHA) | |
| Source of classification or shelving scheme | Dewey Decimal Classification |
| Koha item type | Books |
| Lost status | Source of classification or shelving scheme | Damaged status | Not for loan | Collection code | Permanent Location | Current Location | Shelving location | Date acquired | Total Checkouts | Full call number | Date last seen | Copy number | Koha item type |
|---|---|---|---|---|---|---|---|---|---|---|---|---|---|
| Dewey Decimal Classification | Non-fiction | Central Library, University of Rajshahi | Central Library, University of Rajshahi | 29/08/1990 | 174.4 BAM 1986 | 08/05/2016 | C-2 | Books | |||||
| Dewey Decimal Classification | Not For Loan | Non-fiction | Central Library, University of Rajshahi | Central Library, University of Rajshahi | Reading Room | 26/05/1991 | 174.4 BAM 1986 | 01/12/2016 | C-1 | Books |